Autour de Marie-Antoinette
Salvato in:
| Autore principale: | |
|---|---|
| Natura: | Libro |
| Lingua: | spagnolo |
| Pubblicazione: |
París, Francia
Emile-Paul
1905
|
| Soggetti: | |
| Tags: |
Aggiungi Tag
Nessun Tag, puoi essere il primo ad aggiungerne!!
|
MARC
| LEADER | 00000nam a2200000 a 4500 | ||
|---|---|---|---|
| 001 | UCO0799 | ||
| 003 | CL-VaPUC | ||
| 005 | 20220115074047.0 | ||
| 008 | 000428e19050000FR |||||||||||||||||spa|d | ||
| 999 | |c 287445 |d 287443 | ||
| 040 | |c Pontificia Universidad Católica de Valparaíso | ||
| 082 | 0 | 4 | |a 940.035 BOU 1905 |2 21 |
| 100 | 0 | |a Boutry, Maurice |9 442330 | |
| 245 | 1 | 0 | |a Autour de Marie-Antoinette |
| 260 | 0 | 3 | |a París, Francia |b Emile-Paul |c 1905 |
| 300 | |a 409 páginas | ||
| 583 | |a last modification |c 20120830 10:21:27 |k Rodrigo Vera | ||
| 600 | 0 | 7 | |a MARIA ANTONIETA, REINA |2 CL-VaPUC |9 315206 |
| 650 | 7 | |a HISTORIA DE FRANCIA 1768-1777 |2 CL-VaPUC |9 442331 | |
| 650 | 7 | |a HISTORIA DIPLOMATICA SIGLO 18 |2 CL-VaPUC |9 442332 | |
| 650 | 0 | |a Relaciones Internacionales |9 255740 | |
| 651 | 0 | |a Francia |9 255157 | |
| 651 | 7 | |a AUSTRIA |2 CL-VaPUC |9 266851 | |
| 942 | |c BK |2 ddc | ||
| 945 | |d 20000428 00:00:00 |a rherrera | ||
| 952 | |0 0 |1 0 |2 ddc |4 0 |6 940_035000000000000_BOU_1905 |7 0 |8 X |9 334307 |a BIBHIS |b BIBHIS |d 2019-11-20 |i 1266446 |o 940.035 BOU 1905 |p 1266446 |r 2024-01-30 |t 1 |w 2019-11-20 |y BK_X |k HIS | ||